Secondary school literacy instruction : the content areas /

Saved in:
Bibliographic Details
Main Author: Roe, Betty D.
Format: Book
Language:English
Published: Boston : Houghton Mifflin, 1998.
Edition:6th ed.
Subjects:
Tags: Add Tag
No Tags, Be the first to tag this record!
Institutions: Mạng thư viện Đại học Đà Nẵng
LEADER 00944cam a2200361 i 4500
001 000045579
003 4768
005 20030228120549.0
008 010220|1998 vm 000 eng
020 |a 0395872413 
040 |a IRC  |c IRC  |d IRC 
041 0 |a eng 
082 1 4 |a 428.40712  |b RO-B 
100 1 |a Roe, Betty D. 
245 0 0 |a Secondary school literacy instruction :  |b the content areas /  |c Betty D. Roe. 
250 |a 6th ed. 
260 |a Boston :  |b Houghton Mifflin,  |c 1998. 
300 |a xix, 528p. :  |b ill. 
630 0 4 |a English language. 
650 0 4 |a Reading comprehension. 
650 0 4 |a Content area reading. 
650 0 4 |a Reading (Secondary) 
650 0 4 |a Language arts (Secondary) 
OWN |a DUT 
999 |a From the UDN01 
TYP |a Monograph 
TYP |a Printed language 
980 |a Mạng thư viện Đại học Đà Nẵng